000 00927nam a22002778i 4500
001 016598915
003 OSt
005 20201128021110.0
008 131223t2014 xxua frbd 001 0 eng d
020 _a9780323241830 (pbk.)
040 _aStDuBDS
_beng
_cStDuBDS
_dEG-ScBUE
082 0 0 _a362.173
_222
_bLEA
245 0 0 _aLeading and managing in nursing /
_c[edited by] Patricia S. Yoder-Wise.
250 _a5th ed.,
_brev. reprint.
260 _aSt. Louis, United States :
_bElsevier Mosby,
_cc.2014.
300 _axxiv, 643 p. :
_bill. (col.) ;
_c24 cm.
500 _aGlossary : p. 608-617.
500 _aIndex : p. 619-643.
504 _aIncludes bibliographical reference.
650 0 _aNursing services
_xAdministration
_932499
650 0 _aLeadership
_91000
653 _bNNUR
_cOctober2014
655 _vreading book
_934232
700 1 _aYoder-Wise, Patricia S.,
_d1941-
_eeditor.
_936285
942 _2ddc
_k362.173 LEA
999 _c18481
_d18453